Liste des Pokémon de base ayant deux évolutions - Statistiques

Statistiques générales
  • Ce quiz a été pris 100 fois
  • Le résultat moyen est 96 sur 117
Statistiques - réponses
Pokémon % Correct
Carapuce
97%
Salamèche
97%
Arcko
95%
Bulbizarre
95%
Germignon
95%
Gobou
95%
Ouisticram
95%
Poussifeu
95%
Tiplouf
95%
Chenipotte
93%
Étourmi
93%
Feunnec
93%
Grenousse
93%
Gruikui
93%
Héricendre
93%
Kaiminus
93%
Marisson
93%
Tortipouss
93%
Vipélierre
93%
Chenipan
92%
Magby
92%
Minidraco
92%
Moustillon
92%
Racaillou
92%
Racaillou d'Alola
92%
Roucool
92%
Solochi
92%
Abra
90%
Aspicot
90%
Coupenotte
90%
Élekid
90%
Pichu
90%
Poussacha
90%
Brindibou
88%
Chochodile
88%
Coiffeton
88%
Draby
88%
Machoc
88%
Mélo
88%
Mystherbe
88%
Ouistempo
88%
Poichigeon
88%
Toudoudou
88%
Charpenti
86%
Flamiaou
86%
Grainipiot
86%
Griknot
86%
Larméléon
86%
Nénupiot
86%
Otaquin
86%
Tarsal
86%
Chétiflor
85%
Flambino
85%
Larveyette
85%
Passerouge
85%
Bébécaille
83%
Fantominus
83%
Funécire
83%
Minisange
83%
Mucuscule
83%
Ptiravi
83%
Scrutella
83%
Embrylex
81%
Lépidonille
81%
Nucléos
81%
Ptitard
81%
Terhal
81%
Venipatte
80%
Zigzaton de Galar
80%
Kraknoix
78%
Lixy
78%
Magnéti
78%
Nidoran♀
78%
Nidoran♂
78%
Nodulithe
78%
Nosferapti
78%
Rhinocorne
78%
Anchwatt
76%
Fantyrm
76%
Granivol
76%
Larvadar
76%
Wattouat
76%
Chuchmur
75%
Croquine
75%
Galekid
75%
Larvibule
75%
Picassaut
75%
Skelénox
75%
Sorbébé
75%
Togepi
75%
Flabébé
73%
Frigodo
73%
Mime Jr.
73%
Obalie
73%
Rozbouton
73%
Tritonde
73%
Azurill
71%
Cosmog
71%
Férosinge
71%
Grimalin
71%
Ponchiot
71%
Scalpion
71%
Verpom
71%
Bibichut
69%
Hypotrempe
69%
Marcacrin
69%
Porygon
69%
Teddiursa
69%
Tic
69%
Mascaïman
68%
Parecool
68%
Pohm
68%
Forgerette
66%
Monorpale
66%
Charbi
64%
Olivini
53%
Selutin
53%
Aucun quiz correspondant
Distribution des résultats
% des personnes avec chaque résultat
Percentile par nombre de réponses
Votre historique - résultats
Vous n’avez pas pris ce quiz